000 00296nam a2200133Ia 4500
008 191201s2006 xx 000 0 und d
100 _aPITTS, Robert
245 0 _aStrategic Management
250 _a4th
260 _aN.Delhi
_bThomson
_c2006
300 _a538
650 _aMBA
942 _2ddc
_cBK
999 _c3093
_d3093